| 000 | 00818 a2200205 4500 | ||
|---|---|---|---|
| 003 | Nust | ||
| 005 | 20221117101756.0 | ||
| 010 | _a 84029154 | ||
| 020 | _a0471809543 | ||
| 040 | _cNust | ||
| 082 | 0 | 0 | _a621.367,YUW |
| 100 | 1 |
_aYu, Francis T. S. _9102767 |
|
| 245 | 1 | 0 |
_aWhite-light optical signal processing / _cFrancis T.S. Yu |
| 260 |
_aNew York : _bWiley, _cc1985. |
||
| 300 |
_axii, 316 p. : _bill. ; _c24 cm. |
||
| 440 | 0 |
_aWiley series in pure and applied optics _98615 |
|
| 505 | _aIntroduction to Partial Coherence Theory (Page-1), Partially Coherent Processing (Page-24), Coherent Requirement (Page-58), Apparent Transfer Function (Page-93), Noise Performance (Page-118), Techniques and Applications (Page-152), Applications (Page-220). | ||
| 650 | 0 |
_aOptical data processing. _934983 |
|
| 942 |
_2ddc _cBK |
||
| 999 |
_c180962 _d180962 |
||